000 00688 a2200217 4500
999 _c183107
_d183107
005 20211216145315.0
010 _aENG-130376
020 _c217.00
_a978-93-82829-85-0
035 _aEN-113908
037 _bDBAD / PUB
082 _a000
100 _aFayez, Mohammed
245 _aReasoning -II
_cMohammed Fayez, Alla Srinivasa Reddy, G. Sita Ram...etc.
260 _bSpectrum Publication
_aHyderbad
_c2019
270 _b2019
_a326/c, IIIrd Floor, Surneni Nilayam, Near B K Guda Park, S R Nagar
_e500038
300 _a248p.
_c22cm (pbk)
700 _aAlla Srinivasa Reddy
700 _aG. Sita Ram
700 _aK.S.V. Prasad
942 _adpl
_cEN
_2ddc
_h000
_mREA